[Event "11th Norway Armageddon"]
[Site "Stavanger NOR"]
[Date "2023.06.01"]
[Round "3.5"]
[White "So, W.."]
[Black "Giri, A.."]
[Result "1/2-1/2"]
[WhiteElo "2760"]
[BlackElo "2768"]
[PlyCount "85"]
[EventDate "2023.05.30"]

1. c4 Nf6 2. d4 e6 3. Nc3 Bb4 4. e3 O-O 5. Bd3 d5 6. cxd5 exd5 7. Nge2 Bd6 8. O-O Re8 9. Bd2 b6 10. Nf4 Bxf4 11. exf4 c5 12. Be3 c4 ({RR} 12... Bg4 13. Qd2 Nc6 14. Bb5 Qd6 15. Bxc6 Qxc6 16. f3 Bd7 17. Bf2 c4 18. Bh4 Bf5 19. Bxf6 gxf6 20. Rfe1 b5 21. Ne2 Bd3 22. Ng3 Qb6 23. Qf2 Kf8 24. Red1 Qe6 25. Re1 Qb6 26. Red1 Qe6 27. Re1 {Grischuk,A (2687)-Drygalov,S (2551) Moscow RUS 2025 ½-½}) 13. Bc2 Nc6 14. Re1 $146 ({RR} 14. f5 Nb4 15. Bb1 Ne4 16. Bxe4 dxe4 17. f6 Nd5 18. fxg7 Nxc3 19. bxc3 Qd5 20. Bf4 Re6 21. Re1 Bb7 22. Re3 Qf5 23. Be5 f6 24. Bg3 Kxg7 25. Qa4 Qd5 26. Rae1 a6 27. Bf4 h5 28. Qd1 Rh8 {Hakobyan,A (2616)-Keymer,V (2717) chess.com INT 2023 ½-½ (70)}) 14... Nb4 15. Bb1 Rb8 16. a3 Nc6 17. f3 b5 18. g4 a5 19. Bf2 b4 20. Rxe8+ Nxe8 21. Ne2 bxa3 22. bxa3 Rb3 23. Kg2 f5 24. Bc2 Rb2 25. Qc1 Rxc2 26. Qxc2 fxg4 27. fxg4 Bxg4 28. h3 Bd7 29. Nc3 Nd6 30. Kh2 Qf6 31. Qd2 Nf5 32. Nxd5 Qd6 33. Nc3 Ncxd4 34. Bxd4 Nxd4 35. Qe3 Nc2 36. Ne4 Qc6 37. Qa7 Nxa1 38. Qb8+ Qc8 39. Qe5 Qe8 40. Qd5+ Qe6 41. Qa8+ Qe8 42. Qd5+ Qe6 43. Qa8+ 1/2-1/2

[Event "EU-ch 11th"]
[Site "Rijeka"]
[Date "2010.03.09"]
[Round "4"]
[White "Stern, Rene"]
[Black "Giri, Anish"]
[Result "1/2-1/2"]
[WhiteElo "2501"]
[BlackElo "2624"]
[PlyCount "38"]
[EventDate "2010.03.06"]
[EventType "swiss"]
[EventRounds "11"]
[EventCountry "CRO"]
[SourceTitle "CBM 136"]
[Source "ChessBase"]
[SourceDate "2010.05.18"]
[SourceVersion "1"]
[SourceVersionDate "2010.05.18"]
[SourceQuality "1"]

1. d4 Nf6 2. c4 e6 3. Nc3 Bb4 4. Bd2 b6 5. f3 O-O 6. e4 d5 7. cxd5 exd5 8. e5 Ne8 9. a3 $146 ({RR} 9. Nge2 f6 10. Qb3 Bxc3 11. Nxc3 Be6 12. exf6 Nxf6 13. O-O-O Nbd7 14. Bb5 c5 15. Bg5 c4 16. Qa3 Qc7 17. Rhe1 Rfe8 18. Bxf6 gxf6 19. Bxd7 Qxd7 20. Re3 Bf7 21. Rde1 Rxe3 22. Rxe3 Re8 23. Rxe8+ Bxe8 {Badelka,O (2394)-Pesotskiy,M (2205) St Petersburg 2018 ½-½ (39)}) 9... Bxc3 10. bxc3 c5 11. f4 Nc6 12. Nf3 Bg4 13. Be2 Bxf3 14. Bxf3 cxd4 15. cxd4 Nc7 16. Be3 f5 17. Rc1 Ne7 18. O-O Qd7 19. Qb3 Rac8 1/2-1/2

[Event "FRA-chT Top 16 GpB"]
[Site "France"]
[Date "2010.03.26"]
[Round "1"]
[White "Vaisser, Anatoli"]
[Black "Giri, Anish"]
[Result "0-1"]
[WhiteElo "2511"]
[BlackElo "2624"]
[PlyCount "80"]
[EventDate "2010.03.26"]
[EventType "team-tourn"]
[EventRounds "7"]
[EventCountry "FRA"]
[SourceTitle "CBM 135 Extra"]
[Source "ChessBase"]
[SourceDate "2010.05.04"]
[SourceVersion "1"]
[SourceVersionDate "2010.05.04"]
[SourceQuality "1"]

1. d4 Nf6 2. c4 e6 3. Nc3 Bb4 4. e3 O-O 5. Nf3 b6 6. Bd3 d5 7. O-O Bb7 8. cxd5 exd5 9. a3 Bd6 10. b4 a6 11. b5 axb5 12. Nxb5 c5 13. a4 Be7 14. Ba3 Nbd7 15. Qc2 $146 ({RR} 15. Bc2 Re8 16. Qb1 Bf8 17. Rd1 Bc6 18. Bb2 g6 19. Bc3 Ne4 20. Be1 Bg7 21. Ra3 Re7 22. Nc3 Nef6 23. Ra2 Qc7 24. Bb3 Rb8 25. h3 Ree8 26. Ra1 Nf8 27. Qa2 Ne6 28. Rac1 Ra8 29. dxc5 Nxc5 {Potkin,V (2617)-Khairullin,I (2554) Plovdiv 2008 ½-½ (52)}) 15... Rc8 16. Na7 Ra8 17. Nb5 g6 18. Nd2 Bc6 19. Rfb1 Re8 20. Nc3 Bf8 21. Bb5 Bb7 22. Nf3 Qc7 23. Qb3 Rec8 24. Bxd7 Nxd7 25. dxc5 Bg7 26. Nd4 Nxc5 27. Qd1 Qd8 28. Bb2 Ba6 29. Ncb5 Qd7 30. h3 Ne4 31. Rc1 Rc4 32. Rxc4 dxc4 33. Nc3 Nc5 34. Qc2 Nd3 35. Nce2 Bb7 36. Bc3 Re8 37. Bd2 Qd5 38. f3 Qg5 39. Qxc4 Ne5 40. Qb5 Nxf3+ 0-1

[Event "Tata Steel-A 84th"]
[Site "Wijk aan Zee"]
[Date "2022.01.28"]
[Round "11"]
[White "Van Foreest, Jorden"]
[Black "Giri, Anish"]
[Result "1-0"]
[WhiteElo "2702"]
[BlackElo "2772"]
[PlyCount "83"]
[EventDate "2022.01.15"]
[EventType "tourn"]
[EventRounds "13"]
[EventCountry "NED"]
[EventCategory "20"]
[SourceTitle "CBM 206"]
[Source "ChessBase"]
[SourceDate "2022.02.28"]
[SourceVersion "1"]
[SourceVersionDate "2022.02.28"]
[SourceQuality "1"]

1. d4 Nf6 2. c4 e6 3. Nc3 Bb4 4. a3 Bxc3+ 5. bxc3 b6 6. f3 Nc6 7. e4 Na5 8. Bd3 Ba6 9. Qe2 d6 10. f4 Qd7 ({RR} 10... Qe7 11. Nf3 Nd7 12. Rb1 c5 13. O-O e5 14. fxe5 dxe5 15. d5 O-O-O 16. Nd2 f6 17. a4 Bb7 18. Ba3 Kb8 19. Bb4 Qd6 20. Bxa5 bxa5 21. Nb3 Qc7 22. Qb2 Ka8 23. Nxa5 Rb8 24. Nb3 Ba6 25. a5 {Deboushnik De (2038)-Berikkyzy Alanna (2103) Orosei ITA 2025 1-0 (83)}) 11. Nf3 Qa4 12. Nd2 e5 $146 ({RR} 12... O-O-O 13. O-O g6 14. Rb1 Nh5 15. Rb4 Qd7 16. Rb1 Kb8 17. Nb3 Nxb3 18. Rxb3 f5 19. e5 d5 20. c5 Bxd3 21. Qxd3 Ka8 22. Qa6 Rb8 23. Rb5 Ng7 24. Be3 bxc5 25. Rfb1 c6 26. Rb6 c4 27. R1b4 {Diaz Rosas,J (2404)-Benitez Lozano,J (2275) Mexico City MEX 2024 1-0 (38)}) 13. O-O O-O 14. fxe5 dxe5 15. Rb1 c5 16. Rxf6 gxf6 17. Qf3 Qc6 18. d5 Qd6 19. Nf1 Kh8 20. Ne3 Bc8 21. Bd2 Rg8 22. Be1 Rg6 23. Bh4 Rh6 24. Qf2 Bd7 25. Rf1 Kg7 26. Be2 Rg6 27. h3 Bxh3 28. Bh5 Bd7 29. Bxg6 fxg6 30. Bxf6+ Kg8 31. Qh4 Rf8 32. Rf3 Rf7 33. Qg5 Qf8 34. Qxe5 Nb7 35. Qf4 Nd6 36. e5 Ne8 37. d6 Nxf6 38. exf6 Qe8 39. Nd5 Qe1+ 40. Kh2 Qd1 41. Ne7+ Kh8 42. Rh3 1-0

[Event "Shenzhen Du Te Cup 2nd"]
[Site "Shenzhen"]
[Date "2018.11.06"]
[Round "3"]
[White "Vitiugov, Nikita"]
[Black "Giri, Anish"]
[Result "1/2-1/2"]
[WhiteElo "2709"]
[BlackElo "2780"]
[PlyCount "46"]
[EventDate "2018.11.04"]
[EventType "tourn"]
[EventRounds "10"]
[EventCountry "CHN"]
[EventCategory "21"]
[SourceTitle "CBM 187 Extra"]
[Source "ChessBase"]
[SourceDate "2018.11.04"]
[SourceVersion "1"]
[SourceVersionDate "2018.11.04"]
[SourceQuality "1"]

1. d4 Nf6 2. c4 e6 3. Nc3 Bb4 4. Qc2 d5 5. a3 Bxc3+ 6. Qxc3 O-O 7. Bg5 dxc4 8. Qxc4 b6 9. Rd1 Ba6 10. Qa4 h6 11. Bh4 Qe7 12. Nf3 Rd8 13. e3 Bxf1 14. Rxf1 c5 15. dxc5 Rxd1+ 16. Qxd1 g5 17. Bg3 Qxc5 18. Qd8+ Kg7 19. Be5 Qc1+ 20. Ke2 Qc4+ 21. Ke1 Qc1+ 22. Ke2 Qc4+ 23. Ke1 $146 ({RR} 23. Qd3 Qxd3+ 24. Kxd3 g4 25. Nd2 Nc6 26. Bc3 Rd8+ 27. Ke2 e5 28. b4 Nd5 29. Bb2 f6 30. Rc1 Nce7 31. Rc4 h5 32. b5 Rc8 33. a4 Kf7 34. Kd3 Ke6 35. Ne4 Rxc4 36. Kxc4 Nf5 37. g3 Nd6+ {Michiels,B (2571)-Burg,T (2510) Belgium BEL 2022 ½-½ (46)}) 23... Qc1+ 1/2-1/2

[Event "BCF-chT1c 1314 (4NCL) Promotion pool"]
[Site "England"]
[Date "2014.05.03"]
[Round "9.111"]
[White "Wells, Peter K"]
[Black "Giri, Anish"]
[Result "0-1"]
[WhiteElo "2479"]
[BlackElo "2746"]
[PlyCount "82"]
[EventDate "2013.11.16"]
[EventType "team-tourn"]
[EventRounds "4"]
[EventCountry "ENG"]
[SourceTitle "EXT 2015"]
[Source "ChessBase"]
[SourceDate "2014.11.20"]
[SourceVersion "1"]
[SourceVersionDate "2014.11.20"]
[SourceQuality "1"]
[WhiteTeam "White Rose"]
[BlackTeam "Guildford"]
[WhiteTeamCountry "ENG"]
[BlackTeamCountry "ENG"]

1. d4 d5 2. c4 e6 3. Nc3 Bb4 4. e3 Nf6 5. Bd3 O-O 6. Nf3 c5 7. O-O dxc4 8. Bxc4 Nc6 9. a3 Bxc3 10. bxc3 Qc7 11. Ba2 e5 12. h3 Bf5 13. d5 Rad8 14. c4 Ne7 ({RR} 14... e4 15. Nh2 Ne5 16. Bb2 Qe7 17. Qb3 b6 18. Bb1 b5 19. cxb5 Nxd5 20. Qc2 Nd3 21. Ba2 Be6 22. Bc3 Nb6 23. a4 Bxa2 24. Qxa2 Nd5 25. Qc4 Rd6 26. Rab1 Rfd8 27. Ba1 Rg6 28. Kh1 Nb6 29. Qc2 {Ostojic,N (2254)-Baglan,E (2336) Novi Pazar SRB 2024 0-1 (45)}) 15. Bb2 Ng6 16. Nh2 Ne8 $146 ({RR} 16... Rfe8 17. f3 Re7 18. g4 Bc8 19. Qe1 Ne8 20. h4 Nd6 21. h5 Nf8 22. Qg3 f6 23. Rf2 Rde8 24. Kh1 h6 25. Rg2 Nh7 26. Rc1 b6 27. Nf1 Ng5 28. Nd2 Qd7 29. Bb1 Ba6 30. Bg6 Ngf7 31. Qh4 {Raisa,U-Kostro,J Leipzig 1960 0-1 (52)}) 17. f4 exf4 18. exf4 Nd6 19. g4 Be4 20. Qd2 f5 21. Rae1 Rde8 22. g5 h6 23. Re3 hxg5 24. Rg3 Nxf4 25. Rxf4 gxf4 26. Rxg7+ Qxg7+ 27. Bxg7 Kxg7 28. Qxf4 Rf6 29. Nf1 Rh8 30. h4 Rg6+ 31. Ng3 Nf7 32. Kf2 Rg4 33. Nxf5+ Bxf5 34. Qxf5 Rhxh4 35. Qd7 Rh2+ 36. Kf3 Rg1 37. Bb1 Rf1+ 38. Kg3 Rh5 39. Bd3 Rg5+ 40. Kh2 Rf2+ 41. Kh1 Rf6 0-1